000 00778nam a2200265Ia 4500
003 OSt
005 20221005060216.0
006 a|||||r|||| 00| 0
007 ta
008 221004b |||||||| |||| 00| 0 eng d
020 _a9781138827714 (pbk)
_cUKP 29.99
024 _a29873
037 _b100, 23/02/2017, Classic Book Service
_cTextual
040 _aCRL
_cCRL
_beng
041 _2eng
_aeng
082 _aS:3, Q7
100 _aGennaro Rocco J. Au.
_9599485
245 0 _aConsciousness
260 _aLondon
_bRoultedge UK
_c2017
300 _avii,243p.
_ccm.
490 _aNew problems of philosophy
650 _aCONSCIOUSNESS
942 _hS:3, Q7
_cTEXL
_2cc
999 _c966361
_d966361